00771nam a2200205 a 450000100100000000500170001000800410002704000250006808200280009310000260012124500470014725000110019426000380020530000280024365000590027165100530033091000390038395201260042299900170054800002678020240409073641.0110325s1963 dr a 000 0 spa d aDO-SdBNPbspacBNPHU a305.097293bD186g, 19631 aDanilo, Diodoro9249410aGuía social 1963-1964 /cDiodoro Danilo. a4a ed. aSanto Domingo :bMontalvo,c1963. a157 p. :bil. ;c25 cm. 4aClases socialeszRepública DominicanaxHistoria9413 4aRepública DominicanaxRegistros Sociales92495 aValidado. Control de calidad BNPHU 0010718PDaPDbPDcHDd2011-03-25iLF1l0o305.097293 D186g, 1963p26780-10r2020-06-25w2020-06-25yLFPDZNo se presta c26272d26272